Security Analysis And Portfolio Management (Record no. 32527)

MARC details
000 -LEADER
fixed length control field 00431nam a2200169Ia 4500
008 - FIXED-LENGTH DATA ELEMENTS--GENERAL INFORMATION
fixed length control field 220531s9999 xx 000 0 und d
041 ## - LANGUAGE CODE
Language code of text/sound track or separate title eng
082 ## - DEWEY DECIMAL CLASSIFICATION NUMBER
Classification number 332.658
Item number AGA
100 ## - MAIN ENTRY--PERSONAL NAME
Personal name Agarwal, M. R.
9 (RLIN) 56440
245 ## - TITLE STATEMENT
Title Security Analysis And Portfolio Management
250 ## - EDITION STATEMENT
Edition statement 2ND
260 ## - PUBLICATION, DISTRIBUTION, ETC. (IMPRINT)
Place of publication, distribution, etc. Jaipur
Name of publisher, distributor, etc. Garima
Date of publication, distribution, etc. 2011
542 ## - INFORMATION RELATING TO COPYRIGHT STATUS
Copyright holder 23-03-2011
650 ## - SUBJECT ADDED ENTRY--TOPICAL TERM
Topical term or geographic name as entry element Management
9 (RLIN) 56441
906 ## - LOCAL DATA ELEMENT F, LDF (RLIN)
d 2010-2011
Holdings
Withdrawn status Lost status Source of classification or shelving scheme Damaged status Not for loan Collection code Home library Current library Date acquired Vendor Cost, normal purchase price Total Checkouts Total Holds Full call number Barcode Date last seen Bill Date Koha item type Original Barcode
    Dewey Decimal Classification       Shri Siddhivinayak Mahila Mahavidyalaya Shri Siddhivinayak Mahila Mahavidyalaya 23/03/2011 Pritam 325.00   1 332.658/AGA/B/13527 SSMM-BK-13527 06/08/2022 06/08/2022 Books 010013527